000 00411nam a2200169Ia 4500
003 GCL
008 140319s9999 xx 000 0 eng d
040 _aGCL /
_cGCL
082 0 4 _a822
_bR H
100 1 _aRIEW, E.V
245 1 0 _aHOMER THE ODYSSEY /
_cRIEW, E.V
260 _a[S.N] :
_bPENGUIN BOOKS ،
_c1946
300 _a378 P P
650 0 4 _aENGLISH LITERATURE
650 0 4 _aLITERATURE
942 _2ddc
_cBK
999 _c12297
_d12297